00523nam a2200193 a 4500001001300000003000900013005001700022008004100039020002300080082001500103100002000118245002000138260005000158300001000208500003500218505002600253650003000279700002000309nice12345678IN_TiNIC20260116012250.0050524s1981 cama grp 000 0 eng  a0521609 c10000a297.1bGEL aGellner, Ernest aMuslim Society. aCambridge bCambridge University Press c1981 a232p. aincludes index and biblioraphy2 aIndexes, Bibliography aIslam and Social Problems1 aGellner, Ernest